| 000 | 00739pam a2200241 a 4500 | ||
|---|---|---|---|
| 999 |
_c2651 _d2651 |
||
| 001 | 1005778 | ||
| 003 | OSt | ||
| 005 | 20190930110954.0 | ||
| 008 | 870804s1988 nyua 000 0 eng | ||
| 010 | _a 87023265 | ||
| 020 | _a0070415234 | ||
| 040 |
_aDLC _cDLC _dDLC |
||
| 050 | 0 | 0 |
_aQA303 _b.S288 1988 |
| 082 | 0 | 0 |
_a515 _219 _bMEN 1988 |
| 100 |
_aEdited by Elliott Mendelson. _912962 |
||
| 245 | 0 | 0 | _aSchaum's 3000 solved problems in calculus |
| 260 |
_aNew York : _bMcGraw-Hill, _c1988. |
||
| 300 |
_av, 442 p. : _bill. ; _c28 cm. |
||
| 650 | 0 |
_aCalculus _xProblems, exercises, etc. _96261 |
|
| 740 | 0 | _aSchaum's three thousand solved problems in calculus. | |
| 906 |
_a7 _bcbc _corignew _d1 _eocip _f19 _gy-gencatlg |
||
| 942 |
_2ddc _cSLOAN |
||